| 000 | 00468nam a2200205Ia 4500 | ||
|---|---|---|---|
| 008 | 210210b1946 xxu||||| |||| 00| 0 eng d | ||
| 041 | _aeng | ||
| 082 | _a544/123 | ||
| 100 | _aMILLARD (E B) | ||
| 245 | _aPhysical chemistry for colleges Ed 6 | ||
| 250 | _a | ||
| 260 |
_aLondon _bMcGraw Book Company _c1946 |
||
| 300 | _a682 | ||
| 650 | _aPhysical | ||
| 650 | _afor | ||
| 650 | _acolleges | ||
| 650 | _achemistry | ||
| 690 | _aChemistry | ||
| 906 | _a009779 | ||
| 999 |
_c127131 _d127131 |
||